The largest European city which... - Statistics

General Stats
  • This quiz has been taken 27 times
  • The average score is 5 of 10
Answer Stats
Hint Answer % Correct
...has over 40% foreign-born inhabitants? London
70%
...has an atheist majority? Berlin
65%
...does not a have a football club which has won the European Cup I or Champions League? Istanbul
61%
...is located in a country which is labelled ''not free'' by Freedom House? Moscow
61%
...has over 250.000 Jewish inhabitants? Paris
61%
...has two football clubs that have won the European Cup I or Champions League at least twice? Milan
48%
...does not have a football club in its country's highest division? Hamburg
43%
...has an airport named after a composer of classical music? Warsaw
43%
...is located on the shore of the Black Sea? Odesa
13%
...is located north of Bergen? Tampere
4%
No matching quizzes found
Score Distribution
Percent of People with Each Score
Percentile by Number Answered
Your Score History
You have not taken this quiz